| 000 | 00516nam a22001697a 4500 | ||
|---|---|---|---|
| 999 |
_c191799 _d191799 |
||
| 005 | 20220905105512.0 | ||
| 010 | _aENG-134894 | ||
| 020 | _c1500.00 | ||
| 035 | _aEN-118426 | ||
| 037 | _bDBAD/PUB | ||
| 082 | _a954.21 | ||
| 245 | _aResource Atlas Madhya Pradesh/ | ||
| 260 |
_aMadhya Pradesh _bMadhya Pradesh Council of Science & Technology _c2007 |
||
| 270 |
_aVigyan Bhawan, Nehru Nagar _bBhopal _e462003 _mdgmpcst@indiatimes.com |
||
| 300 |
_a198p. _c28cm(hb) |
||
| 942 |
_2ddc _cEN _h954.21 _mRES |
||